000 00622cam a2200217 4500
001 M82777
008 090401t1997 xxu||||| |||| 00| 0 eng d
035 _a(Sirsi) u77133
041 _aeng
050 _a333.0062
110 _aRoyal Institution of Chartered Surveyors
_94900
245 _aChartered surveyors.
260 _aLondon
_bRICS
_c1997
300 _a(12)p. ; 21cm.
350 _a0
520 _aPublicity booklet explaining the role of the chartered surveyor.
650 _aABOUT RICS-RICS MEMBERS
690 _aMANAGEMENT-BUSINESS MANAGEMENT-PROFESSIONAL PRACTICE
942 _n0
948 _c17/03/1997
999 _c96283
_d96283